| 000 | 00792nam a2200289Ia 4500 | ||
|---|---|---|---|
| 001 | 3995 | ||
| 005 | 20240113233705.0 | ||
| 007 | ta | ||
| 008 | 180901s 198 ii g b000 u 465 u | ||
| 020 | _a81-219-0385-8 | ||
| 040 | _aCotton College,Assam | ||
| 041 | _aeng | ||
| 082 |
_a001.642 _bCo 67 An |
||
| 100 | _aCol, J.W. Perry . | ||
| 245 | 0 |
_aAnsi Fortran 77: A Structured Problem-Solving Approach / _cJ.W. Perry Col. _hTextual Documents |
|
| 250 | _a1st ed. / | ||
| 260 |
_aNew Delhi : _bS Chand & Co , _cC 1987. |
||
| 300 |
_axxviii, 638, A-135, I-7p. ; _c26cm. |
||
| 504 | _aIndex | ||
| 653 | _aMathematics | ||
| 653 | _aFortran 77 | ||
| 653 | _aComputer Programming | ||
| 653 | _aPG-Mathematics | ||
| 942 |
_2ddc _cBK |
||
| 999 |
_c3983 _d3983 |
||